A Widening Sphere

Salvato in:
Dettagli Bibliografici
Autore principale: Vicinus, Martha
Natura: Libro
Lingua:Undetermined
Pubblicazione: Londres, Inglaterra University Press 1977
Soggetti:
Tags: Aggiungi Tag
Nessun Tag, puoi essere il primo ad aggiungerne!!

MARC

LEADER 00000nam a2200000Ia 4500
008 170316s9999 xx 000 0 und d
040 |a cru BVZT 
090 |a 820 V-1a 
100 |a Vicinus, Martha 
245 2 |a A Widening Sphere 
260 |a Londres, Inglaterra 
260 |b University Press 
260 |c 1977 
300 |a 326 páginas 
650 |a LITERATURA INGLESA 
999 |c 7246  |d 7246 
942 |c 15 D  |h 820 V-1a  |2 z